LDR 01305naa#a2200229#i#450# 001 RU\\bibl\120108 005 20260604031316.4 011 ## _a2500-4026 100 ## _a20220630b2022####ek#y0rusy0150####ca 101 0# _aRUS 102 ## _aRU 200 1# _aОСОБЕННОСТИ ПРИМЕНЕНИЯ БЕСПИЛОТНЫХ ЛЕТАТЕЛЬНЫХ АППАРАТОВ ДЛЯ МОНИТОРИНГА ОБЪЕКТОВ НЕФТЕГАЗОВОГО КОМПЛЕКСА _eЖурнальная статья 210 1# _aЖелезногорск _cФГБОУ ВО Сибирская пожарно-спасательная академия ГПС МЧС России _d2022 215 ## _a4 с. 608 ## _aЖурнальная статья _2local 675 ## _aЛетательные аппараты тяжелее воздуха. 623.746 _aХарактер пожара, причины, процесс. 614.841 _aОбщие вопросы стрельбы. Теория артиллерии. Баллистика. Теоретические и экспериментальные вопросы и т.д.. 623.5 _zRUS 700 #1 _aКалач _gА В 700 #1 _aСысоева _gТ П 700 #1 _aКалач _gЕ В 700 #1 _aКрутолапов _gА С 700 #1 _aМартинович _gН В 856 4# _aapbt-sibpsa.editorum.ru _u